|
|
|
|
| LEADER |
01732cas a2200253 a 4500 |
| 001 |
AALejournalIMF007807 |
| 008 |
230101c9999 xx r poo 0 0eng d |
| 020 |
|
|
|c 5.00 USD
|
| 020 |
|
|
|z 9781451856958
|
| 022 |
|
|
|a 1018-5941
|
| 040 |
|
|
|a BD-DhAAL
|c BD-DhAAL
|
| 100 |
1 |
|
|a Fullenkamp, Connel.
|
| 245 |
1 |
0 |
|a Should Subsidized Private Transfers Replace Government Social Insurance? /
|c Connel Fullenkamp, Ralph Chami.
|
| 264 |
|
1 |
|a Washington, D.C. :
|b International Monetary Fund,
|c 2000.
|
| 300 |
|
|
|a 1 online resource (26 pages)
|
| 490 |
1 |
|
|a IMF Working Papers
|
| 500 |
|
|
|a <strong>Off-Campus Access:</strong> No User ID or Password Required
|
| 500 |
|
|
|a <strong>On-Campus Access:</strong> No User ID or Password Required
|
| 506 |
|
|
|a Electronic access restricted to authorized BRAC University faculty, staff and students
|
| 520 |
3 |
|
|a Private transfers between individuals or through organized charities are increasingly viewed as an alternative for government social insurance programs. This paper models the incentive effects of government subsidized private transfers and finds that while there is a significant welfare benefit to subsidizing private transfers, there is also a significant welfare cost to this policy. It is shown analytically, as well as through simulations, that the optimal subsidy to private transfers is positive for a wide range of parameter values. This result indicates that subsidized private transfers in net terms are welfare enhancing.
|
| 538 |
|
|
|a Mode of access: Internet
|
| 700 |
1 |
|
|a Chami, Ralph.
|
| 830 |
|
0 |
|a IMF Working Papers; Working Paper ;
|v No. 2000/150
|
| 856 |
4 |
0 |
|z Full text available on IMF
|u http://elibrary.imf.org/view/journals/001/2000/150/001.2000.issue-150-en.xml
|z IMF e-Library
|